Представление документа в формате RUSMARC

ПолеНазваниеЗначение
  Тип записи a
  Библиографический уровень m
001 Контрольный номер 83d55323d8ee4db49299b99f0c6f31e0
005 Дата корректировки 20251010163804.5
010 Индекс ISBN __
a ISBN 978-5-00154-879-9
b Уточнения в пер.
100 Данные общей обработки __
a Данные общей обработки 20250811d 0rusy0189## ca
101 Язык документа 0_
a Язык текста rus
102 Страна публикации __
a Страна публикации RU
200 Заглавие и сведения об ответственности 1_
a Заглавие Твоё сердце будет разбито
f Первые сведения об ответственности Анна Джейн
210 Выходные данные 1_
a Место издания Москва
c Издательство Клевер-Медиа-Групп
c Издательство Clever
c Издательство Trendbooks
d Дата издания 2024
215 Физическое описание __
a Объем 543 с.
225 Серия 2_
a Серия Романы Анны Джейн
333 Примечание о целевом назначении __
a Примечание о целевом назначении 16+
517 Другие варианты заглавия 1_
a Другие варианты заглавия Твое сердце будет разбито
606 Тематические рубрики 0_
a Основная рубрика Русская литература, 21 в.
610 Ключевые слова 0_
a Ключевые слова взаимоотношения между подростками (х. л.); романы о любви; подростковая любовь (х. л.); подростки (х. л.); жестокость (х. л.); буллинг в школе (х. л.)
686 Индексы других классификаций __
a Классификационный индекс Р2
700 Автор _1
a Фамилия Джейн
b Имя (инициалы) А.
g Полное личное имя Анна
801 Источник записи _0
a Страна RU
b Организация УОБДЮ
c Дата составления 20250811
g Правила каталогизации RCR
801 Источник записи _1
a Страна RU
b Организация УОБДЮ
c Дата составления 20250811
g Правила каталогизации RCR
830 Общее примечание каталогизатора __
a Текст примечания Ю
852 Данные о местонахождении __
i Авторский знак Д 40
j Шифр хранения Р2
900 Электронные ресурсы __
a Имя электронного ресурса 591596
901 Тип документа __
t Тип документа m
905 Данные по созданию БЗ __
b Логин пользователя, который создал БЗ bva
905 Данные по созданию БЗ __
a Дата создания БЗ 202510
b Логин пользователя, который создал БЗ o7
909 Создатель записи __
b Дата создания записи 20250811